Score 0/36 Timer 08:00
0 Plays Today
% Correct
Philosopher’s Stone
80.7%
Philosopher’s Stone
79.3%
Prisoner of Azkaban
76.2%
Philosopher’s Stone
75.1%
Prisoner of Azkaban
73.5%
Half-Blood Prince
71.9%
Goblet of Fire
67.2%
Goblet of Fire
62.5%
Chamber of Secrets
61.6%
Chamber of Secrets
60.3%
Goblet of Fire
58.2%
Goblet of Fire
58.1%
Goblet of Fire
57.1%
Order of the Phoenix
55.6%
Goblet of Fire
50%
Goblet of Fire
49.9%
Deathly Hallows
47.8%
Chamber of Secrets
44.6%
% Correct
Half-Blood Prince
44.6%
Prisoner of Azkaban
42.8%
Prisoner of Azkaban
40.6%
Goblet of Fire
39.1%
Prisoner of Azkaban
36.5%
Chamber of Secrets
35.6%
Order of the Phoenix
35.3%
Half-Blood Prince
34.6%
Deathly Hallows
33.1%
Chamber of Secrets
32.9%
Goblet of Fire
31.8%
Goblet of Fire
30.6%
Goblet of Fire
29.9%
Goblet of Fire
27.9%
Goblet of Fire
27.1%
Deathly Hallows
24.7%
Deathly Hallows
23.7%
Order of the Phoenix
20%
Come Together.
Have Fun.
All Virtual.
We all need to come together. Play Sporcle's virtual live trivia to have fun, connect with people, and get your trivia on. Join a live hosted trivia game for your favorite pub trivia experience done virtually. If a virtual private party is more your thing, go here for details.

You're not logged in!

Compare scores with friends on all Sporcle quizzes.
OR
Log In

Sporcle TV

Today on Sporcle TV


Watch our educational content, quiz creation guides, and fun videos on Sporcle TV.

Show Comments

Extras

Top Quizzes Today


Score Distribution

Paid Content

Your Account Isn't Verified!

In order to create a playlist on Sporcle, you need to verify the email address you used during registration. Go to your Sporcle Settings to finish the process.

Report this User

Report this user for behavior that violates our Community Guidelines.

Details: